000 00853nam a2200205Ia 4500
003 LDD
008 190117s9999 xx 000 0 und d
020 _a9788126319305
_c₹140
040 _cLDD
041 _ahi
082 _a8H3.7 ल7664ज-2
100 _aलहरीया, राजेन्द्र
245 0 _aजगदीपजी की उत्तरकथा
_cराजेन्द्र लहरीया
250 _aदुसर संस्करण
260 _aनई दिल्ली
_bभारतीय ज्ञानपीठ
_c2010
300 _a94पृ.
440 _aलोकोदय ग्रंथमाला : ग्रन्थाक 1014 / सम्पादक रवीन्द्र कालिया
901 _aBJ
942 _2ddc
_cH
999 _c168995
_d168995